Gimme 20 Quiz Stats

 Plays Quiz Updated Dec 14, 2018

Support Sporcle.
Go Orange.
Score 0/20 Timer 03:00
3 Plays Today
% Correct
3
88.1%
13
78.6%
20
62.8%
12
62%
16
59%
2
56%
10
55.7%
9
53.5%
1
52.8%
4
47.6%
% Correct
19
44.1%
5
43.4%
17
37.9%
8
37.3%
14
33.3%
7
25.2%
15
23.5%
6
21.6%
11
20.4%
18
18.8%

You're not logged in!

Compare scores with friends on all Sporcle quizzes.
OR
Log In
Forgot?

From the Vault

College Town Matchup II

by LTH

These towns have their fair share red cups scattered everywhere.
Remove Ads.
Support Sporcle.
Get the best of Sporcle when you Go Orange. This ad-free experience offers more features, more stats, and more fun while also helping to support Sporcle. Thank you for becoming a member.

Show Comments

Extras

Top Quizzes Today


Score Distribution

Your Account Isn't Verified!

In order to create a playlist on Sporcle, you need to verify the email address you used during registration. Go to your Sporcle Settings to finish the process.

Report this User

Report this user for behavior that violates our Community Guidelines.

Details: